[Event "GER Cup Net V3 U1600"]
[Site "Playchess.com INT"]
[Date "2020.05.27"]
[Round "9"]
[White "Karpe, Sebastian"]
[Black "Grave, Lukas"]
[Result "0-1"]
[WhiteElo "1341"]
[BlackElo "1426"]
[PlyCount "40"]
[EventDate "2020.05.27"]
[EventType "swiss (blitz)"]
[EventRounds "9"]
[EventCountry "GER"]
[SourceTitle "EXT 2021"]
[Source "ChessBase"]
[SourceDate "2020.10.23"]
[SourceVersion "1"]
[SourceVersionDate "2020.10.23"]
[SourceQuality "1"]

1. d4 e5 2. dxe5 Nc6 3. Nf3 Qe7 4. Nc3 Nxe5 5. Nxe5 Qxe5 6. e3 d5 7. Be2 Bb4 8. Bd2 Nf6 9. a3 Ba5 10. b4 Bb6 11. h3 c6 12. Bd3 0-0 13. f4 Qd6 14. Qe2 d4 15. exd4 Bxd4 16. 0-0-0 Re8 17. Qf1 a5 18. Re1 axb4 19. axb4 Qxb4 20. Ne4 Ra1# 0-1

[Event "GER Cup Net V3 U1600"]
[Site "Playchess.com INT"]
[Date "2020.05.27"]
[Round "7"]
[White "Karpe, Sebastian"]
[Black "Radeke, Rico"]
[Result "0-1"]
[WhiteElo "1341"]
[BlackElo "1457"]
[PlyCount "74"]
[EventDate "2020.05.27"]
[EventType "swiss (blitz)"]
[EventRounds "9"]
[EventCountry "GER"]
[SourceTitle "EXT 2021"]
[Source "ChessBase"]
[SourceDate "2020.10.23"]
[SourceVersion "1"]
[SourceVersionDate "2020.10.23"]
[SourceQuality "1"]

1. d4 d5 2. c4 e6 3. Nc3 Nf6 4. cxd5 Nxd5 5. Nxd5 Qxd5 6. e3 Qa5+ 7. Bd2 Bb4 8. Ne2 Bxd2+ 9. Qxd2 Qxd2+ 10. Kxd2 0-0 11. g3 Nc6 12. Bg2 Bd7 13. Rac1 a5 14. Nc3 Ra6 15. Nb5 Rc8 16. Bf1 Rb6 17. a4 h6 18. Bd3 Ne7 19. Rhe1 Bxb5 20. Bxb5 c6 21. Bd3 Rxb2+ 22. Rc2 Rxc2+ 23. Bxc2 Nd5 24. Bb3 Nb4 25. Rc1 g5 26. h3 Kg7 27. Rc5 b6 28. Re5 Nd5 29. e4 Nf6 30. f3 Nd7 31. Ke3 Nxe5 32. dxe5 b5 33. axb5 cxb5 34. Bd1 a4 35. Be2 b4 36. Bb5 a3 37. Ba4 Rc3+ 0-1

[Event "GER Cup Net V3 U1600"]
[Site "Playchess.com INT"]
[Date "2020.05.27"]
[Round "5"]
[White "Schenk, Michael"]
[Black "Karpe, Sebastian"]
[Result "1-0"]
[WhiteElo "1382"]
[BlackElo "1341"]
[PlyCount "75"]
[EventDate "2020.05.27"]
[EventType "swiss (blitz)"]
[EventRounds "9"]
[EventCountry "GER"]
[SourceTitle "EXT 2021"]
[Source "ChessBase"]
[SourceDate "2020.10.23"]
[SourceVersion "1"]
[SourceVersionDate "2020.10.23"]
[SourceQuality "1"]

1. e4 e6 2. d4 d5 3. exd5 exd5 4. Nf3 Nf6 5. Nc3 Be7 6. Bg5 Kf8 7. Be2 Nbd7 8. 0-0 h6 9. Be3 c6 10. Re1 Kg8 11. Qd2 Nf8 12. h3 Ng6 13. Ne5 Nf8 14. Bf3 Bb4 15. a3 Ba5 16. b4 Bc7 17. Ne2 Qe7 18. Ng3 Bxe5 19. dxe5 Qxe5 20. Bd4 Qd6 21. Bxf6 Qxf6 22. Re3 Bd7 23. Rae1 Ne6 24. Bg4 Re8 25. Nh5 Qg6 26. Ng3 d4 27. Re4 h5 28. Bxe6 Bxe6 29. Qxd4 Kh7 30. Rh4 Kg8 31. Rhe4 Kh7 32. f4 Bf5 33. Nxf5 Qxf5 34. Rxe8 Rxe8 35. Rxe8 Qxc2 36. Qe5 Qb1+ 37. Kh2 f6 38. Qxh5# 1-0

[Event "GER Cup Net V2 U1600"]
[Site "Playchess.com INT"]
[Date "2020.05.22"]
[Round "3"]
[White "Karpe, Sebastian"]
[Black "Hartmann, Nils"]
[Result "0-1"]
[WhiteElo "1304"]
[BlackElo "1620"]
[PlyCount "76"]
[EventDate "2020.05.22"]
[EventType "swiss (blitz)"]
[EventRounds "9"]
[EventCountry "GER"]
[SourceTitle "EXT 2021"]
[Source "ChessBase"]
[SourceDate "2020.10.23"]
[SourceVersion "1"]
[SourceVersionDate "2020.10.23"]
[SourceQuality "1"]

1. d4 d5 2. c4 c6 3. Nc3 Bf5 4. Nf3 e6 5. Bf4 Bd6 6. Bxd6 Qxd6 7. e3 Nd7 8. Be2 Ngf6 9. c5 Qc7 10. 0-0 h5 11. Ng5 h4 12. f4 Ne4 13. Ncxe4 dxe4 14. Qc2 Nf6 15. Qb1 b6 16. cxb6 axb6 17. Bd1 c5 18. Qc1 Rc8 19. Ba4+ Kf8 20. Rd1 cxd4 21. Rxd4 Qxc1+ 22. Rxc1 Rxc1+ 23. Kf2 Rc8 24. Bb3 Ng4+ 25. Kf1 Nxe3+ 26. Kg1 f6 27. Nxe6+ Bxe6 28. Bxe6 Ke7 29. Bb3 f5 30. Ba4 Rc1+ 31. Kf2 Ng4+ 32. Ke2 Rd8 33. Rb4 Rd6 34. h3 Nf6 35. Bb3 Nd5 36. Rb5 Nxf4+ 37. Kf2 Rd2+ 38. Ke3 Nxg2+ 0-1

[Event "GER Cup Net V2 U1600"]
[Site "Playchess.com INT"]
[Date "2020.05.22"]
[Round "2"]
[White "Karpe, Sebastian"]
[Black "Hausmann, Heiko"]
[Result "0-1"]
[WhiteElo "1313"]
[BlackElo "1502"]
[PlyCount "24"]
[EventDate "2020.05.22"]
[EventType "swiss (blitz)"]
[EventRounds "9"]
[EventCountry "GER"]
[SourceTitle "EXT 2021"]
[Source "ChessBase"]
[SourceDate "2020.10.23"]
[SourceVersion "1"]
[SourceVersionDate "2020.10.23"]
[SourceQuality "1"]

1. d4 d5 2. c4 Nf6 3. cxd5 Nxd5 4. e4 Nf6 5. Nc3 e5 6. dxe5 Qxd1+ 7. Nxd1 Nxe4 8. Bd3 Nc5 9. Bc4 Nc6 10. Nf3 Bg4 11. Ng5 0-0-0 12. Nxf7 Rxd1# 0-1